Größte Ballungsräume in den USA - Statistiken

Allgemein
  • Dieses Quiz wurde 16.223 mal gespielt
  • Das Durchschnittsergebnis liegt bei 29 aus 100
Antworten auf der Karte
Die Antworten werden auf der Karte rot bzw. grün angezeigt, abhängig davon wie oft sie richtig erraten wurden.
 
Antwortstatistiken
Population City % Korrekt
19.979.477 New York City
99%
13.291.486 Los Angeles
96%
6.198.782 Miami
89%
6.249.950 Washington D.C.
85%
4.729.484 San Francisco
84%
9.498.716 Chicago
83%
2.231.647 Las Vegas
81%
7.539.711 Dallas
75%
4,875,390 Boston
73%
3.939.363 Seattle
73%
6.997.384 Houston
72%
5.949.951 Atlanta
62%
4.326.442 Detroit
62%
2.932.415 Denver
61%
6.096.372 Philadelphia
61%
3.343.364 San Diego
57%
1.270.399 New Orleans
55%
4.857.962 Phoenix
54%
2.168.316 Austin
53%
2.143.651 Kansas City
50%
2.478.810 Portland, OR
45%
2.345.210 Sacramento
45%
2.048.703 Indianapolis
44%
3.629.190 Minneapolis
43%
2.572.962 Orlando
43%
1.222.540 Salt Lake City
43%
580.166 Jackson, MS
41%
980.080 Honolulu
40%
1.396.445 Oklahoma City
40%
2.518.036 San Antonio
39%
1.930.961 Nashville
38%
3.142.663 Tampa
38%
1.534.701 Jacksonville
36%
2.569.213 Charlotte
35%
2.802.789 Baltimore
34%
1.350.620 Memphis
34%
2.057.009 Cleveland
33%
2.324.743 Pittsburgh
33%
1.999.107 San José
33%
2.805.465 St. Louis
33%
1.576.113 Milwaukee
31%
915.927 Albuquerque
30%
1.130.152 Buffalo
27%
2.106.541 Columbus
27%
2.190.209 Cincinnati
26%
845.553 El Paso
26%
1.297.301 Louisville
21%
942.198 Omaha
21%
631.761 Springfield, MA
21%
730.426 Boise
20%
1.039.073 Tucson
20%
1.362.540 Raleigh
19%
1.306.172 Richmond
19%
883.169 Albany
16%
1.151.801 Birmingham
16%
787.643 Charleston, SC
16%
994.400 Fresno
16%
655.409 Des Moines
15%
993.797 Tulsa
15%
1.728.733 Virginia Beach
15%
831.310 Baton Rouge
14%
738.939 Colorado Springs
14%
741.104 Little Rock
14%
832.666 Columbia, SC
13%
1.621.337 Providence
13%
644.888 Wichita
13%
604.167 Augusta
11%
1.206.300 Hartford
11%
574.659 Harrisburg
10%
660.422 Madison
10%
4.622.361 Riverside - San Bernardino
10%
896.764 Bakersfield
9%
883.309 Knoxville
9%
1.071.082 Rochester
9%
573.493 Spokane
9%
857.620 New Haven
8%
602.871 Toledo
8%
806.548 Dayton
7%
767.711 Greensboro
7%
650.502 Syracuse
7%
704.845 Akron
6%
754.610 Fort Myers
6%
1.069.405 Grand Rapids
6%
560.793 Chattanooga
5%
659.605 Daytona Beach
5%
575.412 Durham
5%
906.626 Greenville
5%
865.939 McAllen
5%
555.485 Scranton
5%
752.660 Stockton
5%
947.866 Worcester
5%
842.913 Allentown
4%
943.823 Bridgeport
4%
708.009 Lakeland
4%
596.849 Melbourne, FL
4%
675.067 Ogden
4%
850.967 Oxnard
4%
633.768 Provo
4%
821.573 Sarasota
4%
671.456 Winston-Salem
4%
Keine übereinstimmenden Quizze gefunden
Verteilung der Resultate
Anzahl Personen mit jedem Resultat
Perzentil nach korrekt beantworteten Fragen
Ihre Resultats-Entwicklung
Sie haben dieses Quiz noch nicht gespielt